| 000 | 00452nab a22001217u 4500 | ||
|---|---|---|---|
| 008 | 130520b2009 xxu||||| |||| 00| 0 spa d | ||
| 041 | _aspa | ||
| 100 | 1 |
_aBoronat Roda, Jorge _982439 |
|
| 245 | 0 | 0 |
_aLa categoría de la "Imago Dei" en la teología moral contemporánea _cJorge Boronat Roda, Enrique Molina |
| 700 | 1 |
_aMolina, Enrique _93062 |
|
| 773 | 0 |
_tExcerpta e Dissertationibus in Sacra Theologia _gV.54, nº54,2009, _x0214-6827 _wRev206 |
|
| 942 | _cAR | ||
| 999 |
_c411210 _d411210 |
||